Somatologie /

Hlavní autor: Rokyta, Richard, 1938-
Další autoři: Marešová, Dana, 1946-, Turková, Zuzana
Jazyk: Čeština
Vydáno: Praha : Wolters Kluwer Česká republika, 2009-2010
Vydání: Vyd. 1.
Témata:
Externí odkaz: Digitalizovaný dokument (učebnice, pracovní sešit, klíč)
Fyzický popis: 3 sv. : barev. il. ; 24 cm
Odebírané svazky: učebnice, pracovní sešit, klíč
Knihy
Uloženo v:
LEADER 02845nam a2200565 aa4500
001 nkc20102147984
003 CZ PrNK
005 20110225141100.0
007 ta
008 101102m20092010xr a d p 001 0 cze
015 |a cnb002147984  |z cnb001991914 
020 |a 978-80-7357-454-3  |q (učebnice ;  |q brož.) :  |c Kč 350,00 
020 |a 978-80-7357-507-6  |q (pracovní sešit, klíč ;  |q brož.) 
035 |a (OCoLC)693939034 
040 |a ABA001  |b cze 
072 7 |a 611  |x Anatomie člověka a srovnávací anatomie  |2 Konspekt  |9 14 
072 7 |a 37.016  |x Učební osnovy. Vyučovací předměty. Učebnice  |2 Konspekt  |9 22 
080 |a 611/612  |2 MRF 
080 |a (075.3)  |2 MRF 
080 |a (076.1)  |2 MRF 
100 1 |a Rokyta, Richard,  |d 1938-  |7 nlk19990073780  |4 aut 
245 1 0 |a Somatologie /  |c Richard Rokyta, Dana Marešová, Zuzana Turková 
246 3 0 |a Učebnice somatologie 
250 |a Vyd. 1. 
260 |a Praha :  |b Wolters Kluwer Česká republika,  |c 2009-2010 
300 |a 3 sv. :  |b barev. il. ;  |c 24 cm 
500 |a Autorem pracovního sešitu studenta a klíče jen Zuzana Turková 
500 |a Terminologický slovník 
500 |a Obsahuje rejstřík 
505 0 |a učebnice. 2009. 259 s. -- pracovní sešit studenta. 2010. 135 s. -- pracovní sešit - klíč. 2010. 135 s. 
650 0 7 |a somatologie  |7 ph125836  |2 czenas 
650 0 9 |a somatology  |2 eczenas 
655 7 |a učebnice středních škol  |7 fd133771  |2 czenas 
655 7 |a pracovní sešity  |7 fd133116  |2 czenas 
655 9 |a textbooks (secondary)  |2 eczenas 
655 9 |a activity books  |2 eczenas 
700 1 |a Marešová, Dana,  |d 1946-  |7 jn20000710437  |4 aut 
700 1 |a Turková, Zuzana  |7 xx0012661  |4 aut 
856 4 1 |u http://www.digitalniknihovna.cz/mzk/uuid/uuid:210e81b0-2484-11e5-8401-001018b5eb5c  |y Digitalizovaný dokument  |z učebnice, pracovní sešit, klíč  |x NDK 
910 2 |a BOA001  |b 2-1228.813  |s učebnice, pracovní sešit, klíč 
928 9 |a Wolters Kluwer ČR 
990 |a BK 
995 |a 01 
991 |b 200909  |c NOV  |j 611 ROK 
996 6 |b 2610387582  |c 2-1228.813  |d 1, učebnice  |v 1  |l MZK  |r Sklad / do 1 hodiny  |n 2  |p p.v.  |w 000963550  |u 000010  |a 1  |e BOA001  |j MZK50  |s P 
996 7 |b 2610391575  |c 2-1228.813  |d 1, učebnice  |v 1  |l MZK  |r Sklad / do 1 hodiny  |n 48  |p kup  |w 000963550  |u 000020  |a 1  |e BOA001  |j MZK50  |s A 
996 6 |b 2610456299  |c 2-1228.813  |d 2, pracovní sešit  |v 2  |l MZK  |r Sklad / do 1 hodiny  |n 1  |p p.v.  |w 000963550  |u 000030  |a 1  |e BOA001  |j MZK50  |s P 
996 6 |b 2610456300  |c 2-1228.813  |d 3, pracovní sešit-klíč  |v 3  |l MZK  |r Sklad / do 1 hodiny  |n 1  |p p.v.  |w 000963550  |u 000040  |a 1  |e BOA001  |j MZK50  |s P 
996 7 |b 2610460657  |c 2-1228.813  |d 2, pracovní sešit  |v 2  |l MZK  |r Sklad / do 1 hodiny  |n 11  |p kup  |w 000963550  |u 000050  |a 1  |e BOA001  |j MZK50  |s A 
996 7 |b 2610460658  |c 2-1228.813  |d 3, pracovní sešit-klíč  |v 3  |l MZK  |r Sklad / do 1 hodiny  |n 12  |p kup  |w 000963550  |u 000060  |a 1  |e BOA001  |j MZK50  |s A